Normal view MARC view
  • Beri G C

Entry Personal Name

Number of records used in: 4

001 - CONTROL NUMBER

  • control field: 111433

003 - CONTROL NUMBER IDENTIFIER

  • control field: OSt

005 - DATE AND TIME OF LATEST TRANSACTION

  • control field: 20230125044038.0

008 - FIXED-LENGTH DATA ELEMENTS

  • fixed length control field: 230125|| aca||aabn | a|a d

040 ## - CATALOGING SOURCE

  • Original cataloging agency: OSt
  • Transcribing agency: OSt

100 ## - HEADING--PERSONAL NAME

  • Personal name: Beri G C

670 ## - SOURCE DATA FOUND

  • Source citation: Work cat.: (OSt)88351: Beri G C, Marketing Research, 2011